000
00299nam a2200109Ia 4500
008
220204s9999 xx 000 0 und d
082
_a
003.052
_b
DUM
100
_a
Dumpleton, Johnle F
245
0
_a
Handwriting: The art of fast and legible handwriting
260
_a
London
_b
Compton
_c
1973
942
_c
BK
999
_c
24210
_d
24210